[Event "Maringa op 1st"]
[Site "Maringa"]
[Date "2024.07.27"]
[Round "3"]
[White "Fonseca, Guilherme"]
[Black "Carlos, Getulio Germani"]
[Result "1/2-1/2"]
[WhiteElo "1761"]
[BlackElo "1817"]
[PlyCount "51"]
[EventDate "2024.07.26"]
[EventType "swiss"]
[EventRounds "6"]
[EventCountry "BRA"]
[SourceTitle "CBM 221 Extra"]
[Source "ChessBase"]
[SourceDate "2024.09.30"]
[SourceVersion "1"]
[SourceVersionDate "2024.09.30"]
[SourceQuality "1"]

1. c4 Nf6 2. Nf3 e6 3. g3 d5 4. Bg2 Be7 5. 0-0 0-0 6. b3 c6 7. Bb2 Nbd7 8. d4 b6 9. Nbd2 Bb7 10. Ne5 Rc8 11. Rc1 c5 12. e3 Re8 13. Qe2 Ne4 14. Nxe4 dxe4 15. Nxd7 Qxd7 16. Rcd1 Qc7 17. Qg4 f5 18. Qe2 Red8 19. Rd2 Rd7 20. Rfd1 Rcd8 21. dxc5 Bxc5 22. a3 a5 23. Rxd7 Rxd7 24. Rxd7 Qxd7 25. Qc2 Be7 26. Bf1 1/2-1/2